00688nam a2200217 i 4500001001000000003000900010005001700019007000300036008004100039040003000080041000800110082001700118245007900135264008900214300002800303336002700331337003300358338002800391490003300419700001800452000028385DO-SdBNP20250805144350.0ta110408s1992 dr 000 0 spa d aDO-SdBNPbspacBNPHUerda aspa axxxbxxx22210aGuia para el uso no sexista del lenguaje /cAdaptación de, Teresa Meana. 1aSanto Domingo :bCentro de Investigación para la Acción Femenina (Cipaf),c1992. a36 páginas ; b21 cm. atextobtxt2rdacontent asin mediaciónbn2rdamedia avolumenbnc2rdacarrier1 aSerie Educación No Sexista aMeana, Teresa